00713nam a2200169Ia 4500001001000000003000500010008004100015010001100056040000900067100004000076245014200116260007200258300000900330440003200339650006600371710010600437Para_2971CHAP220125s1983 xx 000 0 und d a201500 cCHAP aFarías Fernández, José Manuel aBallico anual :b alternativa invernal para producir forraje en la Comarca Lagunera /c por José Manuel Farías Fernández [y otros] aMatamoros, Coah. :b INIA. Campo Agrícola Experimental La Laguna a9 p. aFolleto para productores; 7 aLolium perenne Pastos forrajeros Pastos x Comarca Lagunera aInstituto Nacional de Investigaciones Agrícolas. México. Campo Agrícola Experimnental La Laguna